La revolución y las letras : dos estudios sobre la novela y el cuento de la Revolución Mexicana /

Edmundo Valadés (Guaymas, 1915 - Ciudad de México, 1994), escritor identificado habitualmente por su predilección hacia el relato corto y por la firme difusión que realizó de este género literario. Director fundador de las dos épocas de la revista El cuento (1939 y 1964-94), el sonorense escribió la...

Täydet tiedot

Tallennettuna:
Bibliografiset tiedot
Päätekijä: Valadés, Edmundo (autor)
Muut tekijät: Leal, Luis (autor) (autor)
Aineistotyyppi: Kirja
Kieli:espanja
Aiheet:
Tagit: Lisää tagi
Ei tageja, Lisää ensimmäinen tagi!

MARC

LEADER 00000nam^a2200000^a^4500
001 000159011
005 20250521000000.0
009 20260310100634.297
037 |a Acervo ITESO - Biblioteca 
041 |a ESP 
082 |a 860. 97206  |b VAL 
100 |a Valadés, Edmundo  |e (autor) 
245 1 3 |a La revolución y las letras :  |b dos estudios sobre la novela y el cuento de la Revolución Mexicana /  |c E. Valadés, L. Leal. 
264 |a México :  |b Instituto Nacional de Bellas Artes, Departamento de Literatura,  |c 1960 
300 |a 133 p. 
336 |a texto  |b txt  |2 rdacontenido 
337 |a sin mediación  |b n  |2 rdamedio 
338 |a volumen  |b nc  |2 rdasoporte 
520 |a Edmundo Valadés (Guaymas, 1915 - Ciudad de México, 1994), escritor identificado habitualmente por su predilección hacia el relato corto y por la firme difusión que realizó de este género literario. Director fundador de las dos épocas de la revista El cuento (1939 y 1964-94), el sonorense escribió las colecciones de relatos La muerte tiene permiso (1955), Adriana (1957), Las raíces irritadas (1957), Antípoda (1961), Las dualidades funestas (1966), Sólo los sueños y los deseos son inmortales, Palomita (1980) y, en coautoría, Cuento contigo (1993). Además de sus tareas al frente de la revista, preparó varias antologías del género, como Los grandes cuentos del siglo XX (1979), 23 cuentos de la Revolución Mexicana (1985) y Cuentos mexicanos inolvidables (1994). En su faceta de ensayista coescribió con Luis Leal La Revolución y las letras (1960), estudio sobre la narrativa de la Revolución Mexicana; publicó Por los caminos de Proust (1974) y reunió en Excerpta (1984) una selección de las columnas que, bajo el mismo título, publicó durante tres años en el diario Excélsior. Premio Nacional de Periodismo (1981) y Premio Rosario Castellanos (1982) del Club de Periodistas de México, fue reconocido también con la Medalla Nezahualcóyotl de la Sociedad General de Escritores de México (SOGEM). 
649 |a XX 
650 |a Ferrocarrileros Mexicanos 
650 |a Revolucionarios Mexicanos 
650 |a Militares Mexicanos 
650 |a Políticos Mexicanos 
650 |a Personajes Históricos Mexicanos 
650 |a Cuentos Mexicanos -  |x Historia y Crítica -  |x Tema Principal 
650 |a Novela de la Revolución -  |x Historia y Crítica -  |x Tema Principal 
650 |a Novela Histórica -  |z México -  |x Historia y Crítica 
650 |a Novela Mexicana -  |x Historia y Crítica 
650 |a Literatura Mexicana -  |x Historia y Crítica 
650 |a Literatura Mexicana -  |y Siglo XX 
650 |a Literatura e Historia -  |z México -  |x Historia y Crítica 
650 |a Ferrocarriles -  |z México -  |x Historia -  |y 1910-1919 
650 |a Ferrocarriles -  |z México -  |x Historia -  |y Siglo XX 
650 |a Ferrocarriles -  |z México -  |x Aspectos Sociales y Culturales 
650 |a México -  |x Historia -  |y Revolución, 1910-1917 
650 |a México -  |x Historia -  |y Siglo XX 
700 |a Leal, Luis  |e (autor) 
910 |a Fondo Salvador Reynoso Reynoso 
920 |a Impresos - Libros 
930 |a Fondos Especiales 
940 |a Literatura 
905 |a 112 
901 |a 0500090348  |b IT2  |c ESP  |u 20250521 
902 |a https://opac.biblio.iteso.mx/vufind/Record/000159011